00325 a2200109 4500001000700000020000600007040001100013100003700024240007500061245007000136362000900206170582 a  cMagnum aMinisterio da Educacao e Cultura10aCadernos da tv escola: multiplas inteligencias na pratica escolarlpor10aCadernos da tv escola: multiplas inteligencias na pratica escolar0 a1899